000 00601cam a22002053a 4500
001 44924
003 PGUSA
005 20140828084027.0
008 140215s2014||||xxu|||||s|||||000 | eng d
040 _aPGUSA
_beng
042 _adc
100 1 _aKnatchbull-Hugesson, Edward Hugessen
245 1 0 _aUncle Joe's Stories
_h[electronic resource] /
_cEdward Hugessen Knatchbull-Hugesson
260 _bProject Gutenberg,
_c2014
506 _aPublic domain in the USA.
516 _aElectronic text
830 0 _aProject Gutenberg
_v44924
856 4 0 _uhttp://www.gutenberg.org/ebooks/44924
942 _cEB
999 _c274175
_d274175